Geography Quiz

Random Geography or Blitz Quiz

Countries by Letter Blitz Quiz Stats

 Plays Quiz Updated Mar 20, 2019

Score 0/56 Timer 03:00
11 Plays Today
% Correct
Denmark
84.6%
Zimbabwe
83.1%
Oman
81.7%
Zambia
78.7%
India
74.6%
United Kingdom
73.2%
Niger
71.9%
Venezuela
71.7%
Lithuania
70.4%
Nigeria
70.3%
Latvia
68.8%
United States of America
68.1%
Japan
67.9%
Indonesia
66.9%
Laos
65.6%
Iceland
65.5%
Ireland
65.2%
Uruguay
64.8%
Jamaica
63.7%
Uganda
63%
Kazakhstan
62.7%
Kenya
62.4%
Uzbekistan
60.5%
Namibia
60.4%
Iran
59.9%
Vanuatu
59.9%
Iraq
59.8%
Jordan
58.1%
% Correct
Norway
56.4%
Vatican City
55.8%
Djibouti
55.5%
Luxembourg
55.3%
Nicaragua
54.9%
Netherlands
54.7%
Italy
53.4%
United Arab Emirates
53.2%
Kyrgyzstan
51.9%
Vietnam
51.8%
Liechtenstein
50.4%
Libya
49.1%
Israel
48.5%
Nepal
48.5%
Liberia
48.3%
Ukraine
48%
North Korea
46.7%
New Zealand
45.9%
Lesotho
45.7%
Kiribati
43.1%
Nauru
43%
Dominica
42.8%
Dominican Republic
41.5%
Lebanon
40.6%
Kosovo
40.4%
Kuwait
39.4%
Dem Rep of the Congo
34.7%
North Macedonia
27.2%

You're not logged in!

Compare scores with friends on all Sporcle quizzes.
OR
Log In

Sporcle TV

Today on Sporcle TV


Watch our educational content, quiz creation guides, and fun videos on Sporcle TV.

Show Comments

Extras

Top Quizzes Today


Score Distribution

Your Account Isn't Verified!

In order to create a playlist on Sporcle, you need to verify the email address you used during registration. Go to your Sporcle Settings to finish the process.

Report this User

Report this user for behavior that violates our Community Guidelines.

Details: